Generátor úloh z analytickej geometrie v rovine - Kuželosečky

Saved in:
Bibliographic Details
Main Author: Kúdela, Peter (Author)
Other Authors: Omachelová, Milada (Thesis advisor)
Format: Manuscript Book
Language:Slovak
Published: 2022
Subjects:
Online Access:http://is.stuba.sk/zp/portal_zp.pl?podrobnosti=148438
Tags: Add Tag
No Tags, Be the first to tag this record!

MARC

LEADER 00000ntm a22000003a 4500
001 stuzp88034
003 SK-STU
005 20220625210828.2
007 ta
008 150427s2015----xo-----f-mn---000-0-slo-d
040 |a STU  |b slo 
041 0 |a slo 
100 1 |a Kúdela, Peter  |u 070200  |4 aut  |U FIIT Fakulta informatiky a informačných technológií  |T FIIT Ústav informatiky, informačných systémov a softvérového inžinierstva  |X 96933  |U I200  |Y 179  |7 96933 
242 0 1 |a Generator of analytic geometry problems - Conic sections - Parabola  |y eng 
245 1 0 |a Generátor úloh z analytickej geometrie v rovine - Kuželosečky 
260 |c 2022 
650 4 |a Matematika  |2 slo 
650 4 |a Generátor  |2 slo 
650 4 |a Parabola  |2 slo 
650 4 |a Generator  |2 eng 
650 4 |a Parabola  |2 eng 
650 4 |a Mathematics  |2 eng 
700 1 |a Omachelová, Milada  |u 070200  |k Z1  |4 ths  |U FIIT Fakulta informatiky a informačných technológií  |T FIIT Ústav informatiky, informačných systémov a softvérového inžinierstva  |X 2272  |U I200  |Y 179  |7 A000002272 
856 4 |u http://is.stuba.sk/zp/portal_zp.pl?podrobnosti=148438